Rozpoznasz miasta wojewódzkie po zdjęciu? - Statystyki

Ogólne statystyki
  • Ten quiz został rozwiązany 26 razy
  • Średni wynik to 9 z 18
Statystyki odpowiedzi
Obrazkowy Odpowiedź % Poprawnych
Warszawa
96%
Gdańsk
88%
Rzeszów
76%
Lublin
64%
Poznań
64%
Wrocław
64%
Katowice
60%
Kraków
60%
Bydgoszcz
48%
Toruń
44%
Łódź
40%
Białystok
36%
Olsztyn
36%
Szczecin
36%
Zielona Góra
36%
Opole
32%
Gorzów Wielkopolski
24%
Kielce
24%
Nie znaleziono quizów pasujących do podanych kryteriów
Rozkład punktacji
Procent ludzi z każdym wynikiem
Percentyl według liczby udzielonych odpowiedzi
Twoja historia wyników
Nie rozwiązałeś tego quizu